Squadre con più Gol segnati in Serie B - Statistics

Statistiche generali
  • Questo quiz è stato fatto 40 volte
  • Il punteggio medio è 10 su 15
Statistiche sulle risposte
Gol segnati Squadra % Corretto
2 076 Bari
95%
1 851 Palermo
89%
3 004 Brescia
84%
1 650 Venezia
78%
2 461 Hellas Verona
76%
1 544 Genoa
73%
1 521 Monza
68%
1 504 Como
62%
1 780 Pescara
62%
1 406 Cremonese
59%
2 202 Modena
59%
1 634 Pisa
59%
1 744 Vicenza
57%
1 763 Padova
54%
1 542 Novara
32%
Nessun quiz corrispondente trovato
Distribuzione punteggi
Percentuale di utenti per punteggio
Percentile per numero di risposta
I tuoi punteggi nel tempo
Non hai fatto questo quiz